[Event "ch-BUL Women"]
[Site "Plovdiv BUL"]
[Date "2001.03.29"]
[Round "10"]
[White "Besheva,S"]
[Black "Andreeva,M"]
[Result "1-0"]
[WhiteElo "2158"]
[BlackElo "2218"]

1.e4 c5 2.c3 Nf6 3.e5 Nd5 4.d4 cxd4 5.Nf3 e6 6.cxd4 b6 7.Nc3 Nxc3 8.bxc3 Qc7
9.Bd2 d6 10.Bd3 Bb7 11.O-O Nd7 12.Ng5 dxe5 13.Qh5 g6 14.Qh3 Be7 15.Rfe1 Bf6
16.Bb5 Ke7 17.Rad1 Bc6 18.Bxc6 Qxc6 19.Bc1 Bxg5 20.Bxg5+ f6 21.Bh6 Kf7 22.dxe5 f5
23.Rd6 Qc7 24.f4 Nc5 25.Red1 Rad8 26.Qh4  1-0

[Event "54th ch-YUG Women"]
[Site "Herceg Novi YUG"]
[Date "2001.03.30"]
[Round "7"]
[White "Ivanovic,J"]
[Black "Stankovic,Ma"]
[Result "1/2-1/2"]
[WhiteElo "2092"]
[BlackElo "2225"]

1.e4 c5 2.c3 Nf6 3.e5 Nd5 4.d4 cxd4 5.Nf3 Nc6 6.Bc4 Nb6 7.Bb3 d5 8.exd6 Qxd6
9.O-O Be6 10.Na3 Bxb3 11.Qxb3 Qd5 12.Nb5 Qxb3 13.axb3 Kd7 14.Nfxd4 Nxd4 15.Nxd4 e5
16.Nf3 f6 17.Be3 Bd6 18.Rfd1 Kc6 19.Bxb6 axb6 20.Kf1 Rhd8 21.Ke2 b5 22.b4 Ra4
23.Ne1 Rda8 24.Nc2 f5  1/2-1/2

[Event "Open"]
[Site "Bled SLO"]
[Date "2001.03.31"]
[Round "8"]
[White "Vorobyov,Y"]
[Black "Jeric,S"]
[Result "0-1"]
[WhiteElo "2327"]
[BlackElo "2332"]

1.e4 c5 2.c3 Nf6 3.e5 Nd5 4.d4 cxd4 5.cxd4 e6 6.Nf3 d6 7.Be2 Nc6 8.O-O Qc7
9.Re1 Bd7 10.Bf1 dxe5 11.dxe5 Ncb4 12.Na3 a6 13.Nc4 b5 14.Ne3 Be7 15.a3 Nxe3
16.Bxe3 Nd5 17.Bg5 Bxg5 18.Nxg5 h6 19.Rc1 Qb8 20.Nf3 O-O 21.Qd4 b4 22.Bd3 bxa3
23.bxa3 Bb5 24.Bb1 Rc8 25.h4 Qb6 26.Qe4 g6 27.h5 Be8 28.hxg6 fxg6 29.Nh4 Ne7
30.Ba2 Bf7 31.Rxc8+ Rxc8 32.Re3 Rc1+ 33.Kh2 g5 34.Nf3 Nf5 35.Re2 Kg7 36.g4 Ne7
37.Kg3 Ng6 38.Rc2 Rxc2 39.Qxc2 Nf4 40.Bc4 a5 41.Bf1 Bg6 42.Qc4 Qb7 43.Qb5 Qc7
44.Qc4 Qe7 45.Qc3 a4 46.Nd4 Be4 47.Bb5 Bd5 48.Bxa4 Qf7 49.Bd1 h5 50.Qe3 hxg4
51.Bxg4 Qg6 52.Nf3 Bxf3 53.Bxf3 Qb1 54.Bg2 Qg1 55.Qe4 Kh6 56.a4 Nh5+ 57.Kf3 Qd1+
58.Ke3 Nf4 59.Qa8 Qd3+  0-1

[Event "Open"]
[Site "Bled SLO"]
[Date "2001.03.31"]
[Round "8"]
[White "Vavpetic,V"]
[Black "Jukic,B"]
[Result "1-0"]
[WhiteElo "2269"]
[BlackElo "2386"]

1.e4 c5 2.c3 Nf6 3.e5 Nd5 4.d4 cxd4 5.cxd4 Nc6 6.Nc3 Nxc3 7.bxc3 d6 8.f4 dxe5
9.fxe5 Bf5 10.Nf3 e6 11.Bd3 Bxd3 12.Qxd3 Be7 13.O-O O-O 14.Rb1 Na5 15.Nd2 Rc8
16.Ne4 Qc7 17.Bg5 Bxg5 18.Nxg5 g6 19.Qh3 h5 20.Rf3 Nc4 21.Ne4 Nxe5 22.dxe5 Qxe5
23.Nf6+ Kg7 24.Nd7 Qe4 25.Rbf1  1-0

[Event "ch-UKR Women"]
[Site "Kramatorsk UKR"]
[Date "2001.03.31"]
[Round "6"]
[White "Dolzhikova,O"]
[Black "Melamed,T"]
[Result "1/2-1/2"]
[WhiteElo "2198"]
[BlackElo "2292"]

1.e4 c5 2.c3 Nf6 3.e5 Nd5 4.Nf3 Nc6 5.d4 cxd4 6.Bc4 Nb6 7.Bb3 e6 8.cxd4 d6
9.O-O dxe5 10.dxe5 Qxd1 11.Rxd1 Be7 12.Nc3 O-O 13.Be3 Nd7 14.Bf4 Nc5 15.Bc2 Nb4
16.Rac1 Bd7 17.Bb1 Rfd8 18.a3 Nc6 19.Bc2 a5 20.Ne4 Nxe4 21.Bxe4 Be8 22.Be3 Rxd1+
23.Rxd1 Rd8 24.Rc1 f5 25.Bb1 h6 26.Ba2 Kf7 27.h3 g5 28.g4 f4 29.Bb6 Rd3 30.Kg2 Bd8
31.Bxd8 Rxd8 32.h4 Ne7 33.hxg5 Bc6 34.Rc3 hxg5 35.Kf1 Bxf3 36.Rxf3 a4 37.Ke2 Nc6
38.Rh3 Kg7 39.Bb1 Rh8 40.Rxh8 Kxh8 41.Be4 Nxe5 42.Bxb7 Kg7 43.f3 Kf6 44.Kd2 Nd7
45.Bc6 Nc5 46.Kc3 Ke5 47.Kc4 Kd6 48.Bb5 e5 49.Kc3 Kd5 50.Bc4+ Kd6 51.Bb5 Kd5
52.Bc4+  1/2-1/2

[Event "Target Recruitment Masters"]
[Site "Belfast IRL"]
[Date "2001.04.01"]
[Round "6"]
[White "Jonkman,H"]
[Black "Jowett,P"]
[Result "1-0"]
[WhiteElo "2383"]
[BlackElo "2225"]

1.e4 c5 2.c3 Nf6 3.e5 Nd5 4.Nf3 e6 5.d4 cxd4 6.cxd4 d6 7.Bc4 Nc6 8.O-O Nb6
9.Bd3 Be7 10.Nc3 dxe5 11.dxe5 O-O 12.Qe2 Nb4 13.Bb1 Bd7 14.Qe4 g6 15.Bh6 Re8
16.Qg4 Bc6 17.Ng5 Nd7 18.Qf4 Bxg5 19.Bxg5 Qa5 20.Ne4 Bxe4 21.Bxe4 Nc6 22.Bxc6 bxc6
23.Rad1  1-0

[Event "Open"]
[Site "Bled SLO"]
[Date "2001.04.01"]
[Round "9"]
[White "Sermek,D"]
[Black "Tratar,M"]
[Result "1-0"]
[WhiteElo "2515"]
[BlackElo "2435"]

1.e4 c5 2.c3 Nf6 3.e5 Nd5 4.Nf3 Nc6 5.Bc4 Nb6 6.Bb3 c4 7.Bc2 Qc7 8.Qe2 g5
9.h3 Bg7 10.O-O Nxe5 11.Nxg5 d5 12.Bxh7 Bf6 13.d4 cxd3 14.Bxd3 Nxd3 15.Qxd3 Qe5
16.f4 Qf5 17.Qe2 Qg6 18.Nd2 Bf5 19.Qf2 Bd3 20.Re1 Bxg5 21.fxg5 Qxg5 22.Nc4 Qg7
23.Nd6+ Kf8 24.Qe3  1-0

[Event "Open"]
[Site "Bled SLO"]
[Date "2001.04.01"]
[Round "9"]
[White "Sveshnikov,E"]
[Black "Filippov,V"]
[Result "1-0"]
[WhiteElo "2561"]
[BlackElo "2619"]

1.e4 c5 2.c3 Nf6 3.e5 Nd5 4.Nf3 e6 5.Bc4 d6 6.d4 cxd4 7.cxd4 Nb6 8.Bd3 Nc6
9.O-O dxe5 10.dxe5 Nb4 11.Be4 Qxd1 12.Rxd1 Bd7 13.Bxb7 Nc2 14.Bxa8 Nxa8 15.Nc3 Nxa1
16.Ne1 Nb6 17.Be3 Nc4 18.Bd4 Nxb2 19.Rxa1 Nc4 20.Rb1 Bc8 21.Nd3 a5 22.Nb5 Kd7
23.Rc1 Na3 24.Nd6 Bxd6 25.exd6 f6 26.Bb6 Ba6 27.Nc5+ Kc6 28.Bxa5 Be2 29.Ne4+ Nc4
30.Nd2 Ra8 31.Nxc4 Bxc4 32.Rxc4+  1-0

[Event "54th ch-YUG Women"]
[Site "Herceg Novi YUG"]
[Date "2001.04.02"]
[Round "10"]
[White "Benderac,A"]
[Black "Dimitrijevic,A"]
[Result "1-0"]
[WhiteElo "2246"]
[BlackElo "2115"]

1.e4 c5 2.c3 Nf6 3.e5 Nd5 4.d4 cxd4 5.Nf3 Nc6 6.Bc4 Nb6 7.Bb3 d5 8.exd6 Qxd6
9.O-O d3 10.Na3 Bf5 11.Nb5 Qd7 12.Bf4 Rc8 13.Nxa7 Nxa7 14.Ne5 Qb5 15.Bxf7+ Kd8
16.a4 Qa6 17.g4 Bd7 18.a5 Nc4 19.Bxc4 Rxc4 20.Qxd3 Rc7 21.Nf7+ Ke8 22.Qxa6 bxa6
23.Bxc7 Kxf7 24.c4 Bxg4 25.b4 Be2 26.Rfc1 h5 27.Ra2 Bg4 28.Bb6 Nc8 29.b5 axb5
30.cxb5 Rh6 31.Rc6 Be6 32.Ra3 Nd6 33.Rf3+ Ke8 34.a6 Nxb5 35.a7 Nxa7 36.Bxa7 g5
37.Bd4 Rg6 38.Ra6 Bh6 39.Ra8+ Kd7 40.Ra7+ Kd6 41.Bb2 Bc4 42.Rc3 Be6 43.Ba3+ Kd5
44.Rc5+ Kd4 45.Ra4+ Kd3 46.Rc6 g4 47.Raa6 g3 48.hxg3 Rxg3+  1-0

[Event "It"]
[Site "Oakham ENG"]
[Date "2001.04.03"]
[Round "6"]
[White "McDonald,N"]
[Black "Krush,I"]
[Result "0-1"]
[WhiteElo "2439"]
[BlackElo "2380"]

1.e4 c5 2.c3 Nf6 3.e5 Nd5 4.Nf3 Nc6 5.Bc4 Nb6 6.Bb3 d5 7.exd6 Qxd6 8.d4 cxd4
9.O-O Be6 10.Bxe6 Qxe6 11.cxd4 Qd7 12.Nc3 e6 13.Be3 Be7 14.Qe2 O-O 15.Ne5 Qd8
16.Rfd1 Rc8 17.Rac1 Nd5 18.Qf3 Ncb4 19.a3 Nxc3 20.Rxc3 Nd5 21.Rxc8 Qxc8 22.Rc1 Qe8
23.Qe2 Qa4 24.Qc4 Qxc4 25.Rxc4 Rd8 26.Kf1 Bd6 27.Ke2 f6 28.Nf3 g5 29.h3 h5
30.Nd2 Kf7 31.Ne4 Be7 32.Nc3 Bd6 33.Nxd5 exd5 34.Rc3 g4 35.hxg4 hxg4 36.Rb3 Rb8
37.a4 Ke6 38.f3 f5 39.fxg4 fxg4 40.Kd3 Kd7 41.Ke2 b6 42.Rc3 b5 43.axb5 Rxb5
44.b3 Ra5 45.Rc2 Ra3 46.Rb2 a5 47.Kd3 a4 48.Kc3 Ke6 49.Bc1 Rxb3+ 50.Rxb3 axb3
51.Kxb3 Kf5 52.Bh6 Ke4 53.Kc3 Be7 54.Bg7 Ke3 55.Be5 Kf2 56.g3 Ke3 57.Bg7 Bd8
58.Be5 Ba5+ 59.Kc2 Be1 60.Bf4+ Kf3  0-1

[Event "TCh-CHN Men"]
[Site "Suzhou, Jiangsu CHN"]
[Date "2001.04.04"]
[Round "9"]
[White "Wang Wenhao"]
[Black "Cheng Xinkai"]
[Result "0-1"]
[WhiteElo "2404"]
[BlackElo "2282"]

1.e4 c5 2.c3 Nf6 3.e5 Nd5 4.g3 Nc6 5.Bg2 Qc7 6.f4 e6 7.Na3 d6 8.Nb5 Qd8 9.exd6 Bxd6
10.Nxd6+ Qxd6 11.Nf3 O-O 12.O-O b6 13.Re1 Bb7 14.d3 Rad8 15.Qa4 Nde7 16.Ne5 Qc7
17.Be4 Nxe5 18.fxe5 Bxe4 19.Qxe4 h6 20.Bf4 Qc6 21.h4 Qb5 22.Qc4 Qxb2 23.Rad1 Nd5
24.Bd2 Qc2 25.h5 b5 26.Qg4 Kh8 27.c4 bxc4 28.Qxc4 Qb2 29.Qxc5 Qxa2 30.Qf2 a6
31.Ra1 Qc2 32.d4 Qd3 33.Ra4 f6 34.Bf4 fxe5 35.dxe5 Rc8 36.Rd4 Qf5 37.Qf3 Rc3
38.Qf2 Rc2 39.Re2 Rfc8 40.Rxc2 Rxc2 41.Rd2 Rc1+  0-1

[Event "54th ch-YUG Women"]
[Site "Herceg Novi YUG"]
[Date "2001.04.05"]
[Round "12"]
[White "Stankovic,Ma"]
[Black "Dimitrijevic,A"]
[Result "1-0"]
[WhiteElo "2225"]
[BlackElo "2115"]

1.e4 c5 2.c3 Nf6 3.e5 Nd5 4.d4 cxd4 5.Nf3 Nc6 6.Bc4 Nb6 7.Bb3 d5 8.exd6 Qxd6
9.O-O d3 10.Na3 Bf5 11.Nb5 Qd7 12.Bf4 O-O-O 13.Bc7 Re8 14.Bxf7 Rd8 15.Bxd8 Nxd8
16.Qb3 Nxf7 17.Nxa7+ Kb8 18.Qxb6 e5 19.Nb5 Qc6 20.Qa7+ Kc8 21.Qa5 Bc5 22.Rfe1 Rd8
23.Nxe5 Nxe5 24.Rxe5 Bb6 25.Na7+ Bxa7 26.Qxa7 Rd5 27.Qe3 Bg4 28.f3 Bd7 29.Rxd5 Qxd5
30.Qd4 Qb5 31.Rd1 Qxb2 32.Qxd3 Qb6+ 33.Qd4  1-0

[Event "56th ch-YUG"]
[Site "Herceg Novi YUG"]
[Date "2001.04.06"]
[Round "13"]
[White "Savic,Mio1"]
[Black "Djukic,Ni"]
[Result "1/2-1/2"]
[WhiteElo "2443"]
[BlackElo "2389"]

1.e4 c5 2.c3 Nf6 3.e5 Nd5 4.Nf3 Nc6 5.d4 cxd4 6.Bc4 Nb6 7.Bb3 g6 8.cxd4 d5
9.exd6 Qxd6 10.Nc3 Bg7 11.Ne4 Qd8 12.Be3 O-O 13.h3 Na5 14.Bc2 Nac4 15.Bc1 Bf5
16.O-O Rc8 17.g4 Be6 18.Re1 Bd5 19.Nc3 Bc6 20.a4 Nd5 21.Qe2 Nxc3 22.bxc3 Qd5
23.Be4 Qxe4 24.Qxe4 Bxe4 25.Rxe4 e6 26.Kf1 Rc6 27.Rb1 Nb6 28.Bd2 Rc7 29.a5 Nc4
30.Bf4 Rd7 31.a6 b6 32.Ke2 Rc8 33.Kd3 Rd5 34.Rb4 Na5 35.Rb1 Nc6 36.Ree1 Rcd8
37.Kc2 b5 38.Be5 b4 39.Bxg7 Kxg7 40.cxb4 Rb5 41.Kc3 Rc8 42.Kd2 Rcb8 43.Rec1 R8b6
44.Rc5 Nxd4 45.Nxd4 Rxc5 46.bxc5 Rxb1 47.c6 Rb8 48.Kd3 Kf8 49.Kc4 Ke7 50.Nb5 Rb6
51.Nxa7 Kd8 52.Kc5 Rxa6 53.Nb5 Ke7 54.g5 Ra2 55.f3 Rg2 56.h4 Rh2 57.Na7 Kd8
58.Kb6 Rb2+ 59.Nb5 e5 60.Ka5 Rb3 61.Ka6 Rb4 62.Kb6 Ke7 63.Kc5 Rb3 64.Kb6 Rb4
65.Kc5 Rxh4 66.Na7 Rh1 67.Kd5 Rc1 68.Nc8+ Kd8 69.Nd6 Kc7 70.Nxf7 Rxc6 71.Nxe5 Rd6+
72.Ke4 Ra6 73.Kd5 Kd8 74.Nc6+ Ke8 75.Ne5 Kf8 76.f4 Ra4 77.Nd3 Ke7 78.Ke5 Ra5+
79.Ke4 Ke6 80.Nb2 Rb5 81.Nd3 Ra5 82.Nb2 Ra2 83.Nd1 Ra4+ 84.Kf3 Rb4 85.Ne3 Kd6
86.Ng4 Kc5 87.Nf6 Rb7 88.f5 Kd4 89.Kf4 Rb1 90.Nxh7 Rf1+ 91.Kg3 Rxf5 92.Kg4 Ke3
93.Nf6 Rf4+ 94.Kg3 Rf3+ 95.Kh4 Rf1 96.Nd5+ Ke4 97.Nf6+ Kd4 98.Nd7 Kc3 99.Ne5 Rf4+
100.Kh3 Rf5 101.Nxg6 Rxg5  1/2-1/2

[Event "56th ch-YUG"]
[Site "Herceg Novi YUG"]
[Date "2001.04.08"]
[Round "15"]
[White "Savic,Mio1"]
[Black "Ostojic,N"]
[Result "0-1"]
[WhiteElo "2443"]
[BlackElo "2451"]

1.e4 c5 2.c3 Nf6 3.e5 Nd5 4.Nf3 Nc6 5.d4 cxd4 6.Bc4 Nb6 7.Bb3 g6 8.cxd4 d5
9.exd6 Qxd6 10.Be3 Bg7 11.Nc3 O-O 12.h3 Na5 13.Bc2 Nac4 14.Bc1 Nd5 15.O-O Nxc3
16.bxc3 Be6 17.Re1 Bd5 18.Bg5 e6 19.Bb3 h6 20.Bh4 Rfc8 21.Rc1 Qc6 22.Bg3 Bxf3
23.Qxf3 Qxf3 24.gxf3 h5 25.Kg2 Bh6 26.f4 b5 27.h4 Nb6 28.Rc2 Bg7 29.f5 gxf5
30.Be5 a6 31.Rcc1 Ra7 32.Bd1 Bxe5 33.Rxe5 Rac7 34.Re3 Nd5 35.Rg3+ Kf8 36.a4 b4
37.Be2 Rxc3 38.Rb1 Nf4+  0-1

[Event "ch-DEN"]
[Site "Nyborg DEN"]
[Date "2001.04.08"]
[Round "2"]
[White "Boe,M"]
[Black "Pedersen,St"]
[Result "1/2-1/2"]
[WhiteElo "2389"]
[BlackElo "2463"]

1.e4 c5 2.c3 Nf6 3.e5 Nd5 4.d4 cxd4 5.Nf3 d6 6.cxd4 Nc6 7.Nc3 dxe5 8.dxe5 Nxc3
9.Qxd8+ Nxd8 10.bxc3 Bd7 11.Be3 g6 12.Bd4 Ne6 13.Rb1 b6 14.Bb5 Bxb5 15.Rxb5 Rc8
16.O-O Nxd4 17.cxd4 e6 18.d5 exd5 19.Rxd5 Be7 20.Rfd1 Rc7 21.Kf1 O-O 22.Nd4 Rfc8
23.f4 Rc1 24.Ke2 Rxd1 25.Kxd1 Rc4 26.f5 gxf5 27.Nxf5 Bf8 28.Rd8 h5 29.Ne7+ Kg7
30.Nf5+ Kg8  1/2-1/2

[Event "Open"]
[Site "Metz FRA"]
[Date "2001.04.09"]
[Round "3"]
[White "Laurent,B"]
[Black "Komljenovic,D"]
[Result "1/2-1/2"]
[WhiteElo "2231"]
[BlackElo "2472"]

1.e4 c5 2.c3 Nf6 3.e5 Nd5 4.d4 cxd4 5.Nf3 Nc6 6.cxd4 d6 7.Bc4 Nb6 8.Bb5 dxe5
9.Nxe5 Bd7 10.Nc3 Nxe5 11.dxe5 Bxb5 12.Nxb5 Qxd1+ 13.Kxd1 Nd5 14.Ke2 a6 15.Rd1 O-O-O
16.Nd6+ exd6 17.Rxd5 dxe5 18.Rxe5 Bd6 19.Rd5 Bc7 20.Rxd8+ Rxd8 21.Be3 Rd5
22.Re1 Kd7 23.h3 Ra5 24.a3 Be5 25.Rd1+ Ke6 26.Bd4 Rd5 27.Ke3 a5 28.Rd3 Rb5
29.Bxe5 Kxe5 30.b3 g5 31.g3 h5 32.f4+ gxf4+ 33.gxf4+ Kf5 34.Kf3 f6 35.Ke3 Ke6
36.Rc3 Kf5 37.Rd3 Ke6 38.Rc3 f5 39.Kd4 Rd5+ 40.Ke3 h4 41.Rc7 Rb5 42.Rc3 Rb6
43.Kd4 Rd6+ 44.Ke3 Rd1 45.Rc5 Rh1 46.Rb5 Rxh3+ 47.Kd4 Kd6 48.Rxb7 Rf3 49.Rb6+ Kc7
50.Rb5 Rxf4+ 51.Ke3 Rf1 52.Ke2 Rb1 53.Kf2 Rb2+ 54.Kg1 f4 55.Rxa5 h3 56.Rh5 Rxb3
57.Kh2 Rxa3 58.Rf5 Rf3 59.Rf6 Kd7 60.Rh6 Ke7 61.Rxh3 Rf2+ 62.Kg1 Ra2 63.Rh6 Kf7
64.Kf1 Kg7 65.Rb6 Rh2 66.Rb4 Rh4 67.Rb6 Rh6 68.Rb4 Rf6 69.Kf2 Kg6 70.Kf3  1/2-1/2

[Event "Israel Open Ch"]
[Site "Tel Aviv ISR"]
[Date "2001.04.09"]
[Round "1"]
[White "Cnaan,M"]
[Black "Zoler,D"]
[Result "0-1"]
[WhiteElo "2167"]
[BlackElo "2487"]

1.e4 c5 2.c3 Nf6 3.e5 Nd5 4.d4 cxd4 5.cxd4 d6 6.Nf3 Nc6 7.Bc4 Nb6 8.Bb5 dxe5
9.Nxe5 Bd7 10.Bxc6 Bxc6 11.Nxc6 bxc6 12.O-O e6 13.Qg4 h5 14.Qe2 Qxd4 15.Nc3 Be7
16.Rd1 Qg4 17.Qa6 O-O 18.Be3 Rfb8 19.Rd4 Qf5 20.Rc1 Nd5 21.Nxd5 cxd5 22.b3 Bg5
23.Bxg5 Qxg5 24.Rdd1 Qd8 25.Rc2 Rc8 26.Rdc1 Rxc2 27.Rxc2 d4 28.h3 Qd5 29.Qc6 Rd8
30.Qxd5 Rxd5 31.Kf1 a5 32.Rc8+ Kh7 33.Ke2 h4 34.Kd3 Kg6 35.Rh8 Kg5 36.Rh7 Kf6
37.Rxh4 e5 38.f3 Rd8 39.Re4 Ke6 40.f4 f6 41.fxe5 fxe5 42.Rg4 Rd7 43.Rg5 Kd5
44.h4 Rf7 45.Ke2 Rc7 46.Kd2 Ke4 47.Rg4+ Kf5 48.Rg5+ Kf4 49.g3+ Ke4 50.h5 Rf7
51.Rg4+ Kf3 52.Rg5 Re7 53.Ke1 Ke3 54.g4 d3 55.Kd1 Kf4 56.Rg6 e4 57.Rd6 Kxg4
58.h6 g5 59.Rd5 Kf4 60.Rxa5 e3 61.Rd5 e2+ 62.Ke1 Ke3 63.Rd6 g4  0-1

[Event "Solett Open"]
[Site "Skelleftea SWE"]
[Date "2001.04.10"]
[Round "1"]
[White "Lardot,D"]
[Black "Ernst,T"]
[Result "0-1"]
[WhiteElo "2039"]
[BlackElo "2441"]

1.e4 c5 2.c3 Nf6 3.e5 Nd5 4.d4 cxd4 5.cxd4 d6 6.Nf3 Nc6 7.Nc3 dxe5 8.Nxe5 Nxc3
9.Nxc6 Nxd1 10.Nxd8 Kxd8 11.Kxd1 Be6 12.Bd3 Bd5 13.f3 e6 14.Be4 Be7 15.Be3 Rc8
16.Bxd5 exd5 17.Rc1 Kd7 18.Ke2 Bd6 19.h3 Rce8 20.Kd3 Re6 21.Rhe1 Bg3 22.Re2 Rhe8
23.Rcc2 h5 24.Bc1 Rxe2 25.Rxe2 Rxe2 26.Kxe2 Ke6 27.f4 f5 28.Bd2 Bh4 29.Kf3 Be7
30.g3 Kd7 31.h4 Kc6 32.Ke2 Kb5 33.Kd3 Bb4 34.Bc3 Bxc3 35.Kxc3 Ka4 36.Kc2 Kb4
37.b3 Ka3 38.Kb1 a5 39.Ka1 a4 40.bxa4 Kxa4  0-1

[Event "Zone 3.1a Women"]
[Site "Tehran IRI"]
[Date "2001.04.10"]
[Round "8"]
[White "Paridar,S"]
[Black "Ghader Pour,S"]
[Result "1/2-1/2"]
[WhiteElo "2009"]
[BlackElo "2065"]

1.e4 c5 2.c3 Nf6 3.e5 Nd5 4.d4 cxd4 5.Qxd4 e6 6.Nf3 Nc6 7.Qe4 f5 8.Qe2 Qc7
9.g3 Nde7 10.Na3 Ng6 11.Nb5 Qb8 12.Bf4 a6 13.Nbd4 Nxd4 14.Nxd4 b5 15.Bg2 Bb7
16.O-O Be7 17.Rad1 O-O 18.Rd3 Rc8 19.Rfd1 Bxg2 20.Kxg2 Qb7+ 21.Kg1 Rc7 22.Qd2 Rac8
23.Nb3 Nf8 24.Bg5 Bxg5 25.Qxg5 b4 26.cxb4 Qxb4 27.Qd2 Qb5 28.Qe3 Ng6 29.f4 Ne7
30.Qf2 Qa4 31.a3 Rc2 32.R1d2 Qc4 33.Rxc2 Qxd3 34.Rxc8+ Nxc8 35.Qc5 Qd1+ 36.Kf2 Na7
37.Qxa7 Qxb3 38.Qd4 Qc2+ 39.Kg1 Qc1+ 40.Kg2 Qc6+ 41.Kg1 h6 42.Qd2  1/2-1/2

[Event "Solett Open"]
[Site "Skelleftea SWE"]
[Date "2001.04.14"]
[Round "7"]
[White "Schmitz,A"]
[Black "Rantanen,Y"]
[Result "0-1"]
[WhiteElo "2161"]
[BlackElo "2327"]

1.e4 c5 2.c3 Nf6 3.e5 Nd5 4.d4 cxd4 5.cxd4 d6 6.Nf3 Nc6 7.Bc4 Nb6 8.Bb3 dxe5
9.Nxe5 Nxe5 10.dxe5 Qxd1+ 11.Bxd1 Bf5 12.Be3 Nc4 13.Ba4+ Bd7 14.Bxd7+ Kxd7
15.Bd4 Ke6 16.O-O Kf5 17.Re1 e6 18.Nc3 Bb4 19.a3 Ba5 20.b4 Bc7 21.Ne2 Bxe5
22.Bxe5 Kxe5 23.Ng3+ Kf6 24.Nh5+ Kg6 25.g4 Rhd8 26.Nf4+ Kg5 27.Nh3+ Kf6 28.Re4 b5
29.a4 a6 30.axb5 axb5 31.Rb1 Ra3 32.Rf4+ Kg6 33.Kg2 e5 34.Rf5 f6  0-1

[Event "FSGM April"]
[Site "Budapest HUN"]
[Date "2001.04.16"]
[Round "10"]
[White "Fogarasi,T"]
[Black "Anka,E"]
[Result "1/2-1/2"]
[WhiteElo "2446"]
[BlackElo "2425"]

1.e4 c5 2.c3 Nf6 3.e5 Nd5 4.Nf3 Nc6 5.d4 cxd4 6.cxd4 d6 7.Bc4 Nb6 8.Bb5 dxe5
9.Nxe5 Bd7 10.Nxd7 Qxd7 11.Nc3 e6 12.O-O Rd8 13.Bg5 Be7 14.Bxe7 Qxe7 15.Qg4 O-O
16.Bxc6 bxc6 17.a3 Rd7 18.Rfd1 Rb8 19.b4 a5 20.bxa5 Nd5 21.Qg3 Ra8 22.Ne4 Rxa5
23.Nc5 Rd8 24.Rab1 Raa8 25.Qf3 Qf6 26.Qxf6 gxf6 27.Rb3 Ne7 28.a4 Nf5 29.Rbd3 Rd5
30.g4 Nxd4 31.Rxd4 Rxc5 32.Rd8+ Rxd8 33.Rxd8+ Kg7 34.Rc8 Rc4 35.h3 Rxa4 36.Rxc6 Ra5
37.Kg2 f5 38.Kg3 Kg6 39.Rc8 Ra3+ 40.f3 h6 41.Rg8+ Kf6 42.Rc8 Kg7 43.Re8 Ra5
44.Rc8 h5 45.gxh5 Ra4 46.h4 Ra1 47.Kg2 f4 48.Rc4 e5 49.Rc6 f6 50.Rc7+ Kh6
51.Rc6 Kxh5 52.Rxf6 Kxh4 53.Rg6 Ra2+ 54.Kg1 Kh3 55.Kf1 Kh2 56.Rg5 Kh3 57.Rg6 Kh4
58.Rg7 Kh5 59.Rg8 Kh6 60.Kg1 Ra6 61.Kf2 Rg6 62.Re8 Rg5 63.Re6+ Kg7 64.Ra6 Rg6
65.Ra8 Kf6 66.Re8 Rg7 67.Ra8 Rd7 68.Ra6+ Ke7 69.Ke2 Rd6 70.Ra5 Ke6 71.Rb5 Ra6
72.Rc5 Ra2+ 73.Ke1 Kd6 74.Rb5 Rc2 75.Kf1 Rc5 76.Rb4 Kd5 77.Re4 Rc2 78.Ra4 Rc4
79.Ra2 Rc3 80.Kf2 Re3 81.Ra5+ Kc4 82.Ra4+ Kb3 83.Ra5 Kc4 84.Kg2 Kd4 85.Kf2 Rc3
86.Ra4+ Rc4 87.Ra5 Rc2+ 88.Ke1 Rc5 89.Ra4+ Kd3 90.Re4 Rd5 91.Kf2 Kd2 92.Kg2 Kd3
93.Kf2 Rc5 94.Kg2 Rc2+ 95.Kf1 Rc5  1/2-1/2

[Event "Open"]
[Site "Dubai UAE"]
[Date "2001.04.16"]
[Round "2"]
[White "Sermek,D"]
[Black "Vladimirov,E"]
[Result "1/2-1/2"]
[WhiteElo "2525"]
[BlackElo "2612"]

1.e4 c5 2.c3 Nf6 3.e5 Nd5 4.Nf3 Nc6 5.Bc4 Nb6 6.Bb3 c4 7.Bc2 d6 8.exd6 Qxd6
9.O-O g6 10.Na3 Bg7 11.b3 Be6 12.Qe2 Na5 13.Nb5 Qd7 14.Nbd4 Bg4 15.h3 Bxf3
16.Nxf3 O-O 17.Ba3 Rfe8 18.Bc5 Rac8 19.b4 Nc6 20.Rfe1 Nd5 21.Qxc4 b6 22.Be4 e6
23.Be3 Ncxb4 24.Qb3 Nxe3 25.Rxe3 Nc6 26.Rd3 Qc7 27.Qa4 Nb8 28.Nd4 Qc4 29.Qb3 Bf6
30.Re1 Red8 31.Qxc4 Rxc4 32.Nc2 Rxd3 33.Bxd3 Ra4 34.Ra1 Ra5 35.Bc4 Nc6 36.d4 e5
37.Rd1 exd4 38.cxd4 Kf8 39.Bb3 Bg5 40.g3 Nd8  1/2-1/2

[Event "Solett Open"]
[Site "Skelleftea SWE"]
[Date "2001.04.16"]
[Round "9"]
[White "Nygren,D"]
[Black "Marklund,N"]
[Result "1/2-1/2"]
[WhiteElo "2173"]
[BlackElo "2171"]

1.e4 c5 2.c3 Nf6 3.e5 Nd5 4.d4 cxd4 5.Nf3 Nc6 6.Bc4 Nb6 7.Bb3 d5 8.exd6 Qxd6
9.O-O Be6 10.Na3 dxc3 11.Qe2 Bxb3 12.Nb5 Qb8 13.axb3 e5 14.Bg5 cxb2 15.Qxb2 f6
16.Qc2 a6 17.Bxf6 gxf6 18.Qf5 axb5 19.Rxa8 Nxa8 20.Qxf6 Rg8 21.Qe6+ Ne7 22.Nxe5 Nb6
23.Qf7+ Kd8 24.Rd1+ Kc7 25.Rc1+ Kd8 26.Rd1+ Kc7 27.Qe6 Nc6 28.Nxc6 bxc6 29.Qf7+ Be7
30.Qxe7+ Kc8 31.Qe6+ Kb7 32.Qf7+ Ka6 33.Ra1+ Na4 34.bxa4 b4 35.Qc4+ Ka7 36.Rd1 Rc8
37.Qc5+ Kb7 38.Rd7+ Ka6 39.Qc4+ Ka5 40.Qf7 Ka6 41.Qc4+ Ka5 42.Rxh7 Rd8 43.Rh5+ Rd5
44.Rxd5+ cxd5 45.Qxd5+ Kxa4 46.Qa2+ Kb5 47.Qd5+  1/2-1/2

[Event "Open"]
[Site "Dubai UAE"]
[Date "2001.04.17"]
[Round "3"]
[White "Asylguzhin,R"]
[Black "Ehlvest,J"]
[Result "0-1"]
[WhiteElo "2384"]
[BlackElo "2630"]

1.e4 c5 2.c3 Nf6 3.e5 Nd5 4.d4 cxd4 5.cxd4 e6 6.Nc3 Nxc3 7.bxc3 Qc7 8.Bd2 d6
9.f4 Nd7 10.Nf3 d5 11.Bd3 Nb6 12.O-O g6 13.Rb1 Bd7 14.Qe2 Be7 15.Ne1 Na4
16.Rb3 a6 17.g4 Nb6 18.f5 gxf5 19.gxf5 Nc4 20.f6 Bf8 21.Rf3 Rc8 22.Rh3 h6
23.Ng2 Ba4 24.Rb1 Na3 25.Rf1 Bb5 26.Nf4 Bxd3 27.Rxd3 Qc4 28.Be1 Rc6 29.Qb2 Rg8+
30.Rg3 Rxg3+ 31.hxg3 b5 32.Rf3 a5 33.Nd3 Qa4 34.Qb3 Qxb3 35.axb3 Nc2 36.Kf1 a4
37.bxa4 bxa4 38.Rf2 Nxe1 39.Kxe1 Rxc3 40.Kd2 Rc4 41.Ke3 a3 42.g4 Kd7 43.Rf1 Rc2
44.Rb1 a2 45.Ra1 Ba3 46.Ne1 Rh2 47.Nd3 Bb2 48.Nxb2 Rxb2 49.Kd3 Kc6 50.Kc3 Rg2
51.Kb3 Kb5 52.Rc1 Rxg4 53.Kxa2 Rxd4 54.Rc7 Re4 55.Rxf7 Rxe5 56.Re7 Kc4 57.Kb2 Re2+
58.Kc1 e5 59.f7 Rf2 60.Rxe5 Rxf7 61.Rh5 Rf6 62.Kd2 Rd6 63.Rh4+ d4 64.Rh3 Rg6
65.Rh5 Rg2+ 66.Kd1 Kc3 67.Rxh6 Rg1+ 68.Ke2 d3+ 69.Kf2 Ra1 70.Rc6+ Kd2 71.Rd6 Ra8
72.Rf6 Re8 73.Rf7 Kd1 74.Rd7 d2 75.Rc7 Rf8+ 76.Ke3 Ke1  0-1

[Event "Open"]
[Site "Dubai UAE"]
[Date "2001.04.18"]
[Round "4"]
[White "Sveshnikov,E"]
[Black "Filippov,V"]
[Result "1/2-1/2"]
[WhiteElo "2571"]
[BlackElo "2632"]

1.e4 c5 2.c3 Nf6 3.e5 Nd5 4.Nf3 Nc6 5.d4 cxd4 6.cxd4 d6 7.Nc3 dxe5 8.dxe5 Nxc3
9.Qxd8+ Nxd8 10.bxc3 Bd7 11.Be3 Nc6 12.Rb1 O-O-O 13.Bb5 Bf5 14.Rb2 e6 15.Bxc6 bxc6
16.Nd4 Be4 17.f3 Bd5 18.c4 c5 19.cxd5 cxd4 20.Bxd4 Rxd5 21.Bxa7 Rxe5+ 22.Kd2 Rd5+
23.Ke2 Re5+ 24.Kd3 Rd5+ 25.Ke3 Bd6 26.Rhb1 Kd7 27.Rb7+ Kc6 28.Rxf7 Rb5  1/2-1/2

[Event "Open"]
[Site "Dubai UAE"]
[Date "2001.04.18"]
[Round "4"]
[White "Pavasovic,D"]
[Black "Yakovich,Y"]
[Result "1/2-1/2"]
[WhiteElo "2515"]
[BlackElo "2577"]

1.e4 c5 2.c3 Nf6 3.e5 Nd5 4.Nf3 Nc6 5.Bc4 Nb6 6.Bb3 c4 7.Bc2 Qc7 8.Qe2 g5
9.h3 Bg7 10.O-O Nxe5 11.Nxg5 d5 12.a4 h6 13.Nf3 Nbd7 14.Re1 O-O 15.Na3 a6
16.d4 cxd3 17.Bxd3 Nxd3  1/2-1/2

[Event "Open"]
[Site "Dubai UAE"]
[Date "2001.04.19"]
[Round "5"]
[White "Sermek,D"]
[Black "Sveshnikov,E"]
[Result "1-0"]
[WhiteElo "2525"]
[BlackElo "2571"]

1.e4 c5 2.c3 Nf6 3.e5 Nd5 4.Nf3 Nc6 5.Bc4 Nb6 6.Bb3 c4 7.Bc2 Qc7 8.Qe2 g5
9.h3 Bg7 10.O-O Nxe5 11.Nxg5 d5 12.a4 h6 13.Nf3 Nbd7 14.Re1 O-O 15.Na3 a6
16.d4 cxd3 17.Bxd3 Nxd3 18.Qxd3 e6 19.Be3 b6 20.Qd2 Kh7 21.Bf4 e5 22.Bg3 Bb7
23.Nd4 Qd6 24.Nf5 Qg6 25.Nxg7 Qxg7 26.Nc4 dxc4 27.Qxd7 f6 28.Rad1 Rf7 29.Qf5+ Qg6
30.Qxg6+ Kxg6 31.Rd6 Kf5 32.Rxb6 Rd8 33.Bh4 Rd2 34.Bxf6 Rxf6 35.Rxb7 e4 36.Re7 Rb6
37.R1xe4 Rbxb2 38.g4+ Kg5 39.R4e5+ Kg6 40.R5e6+  1-0

[Event "4th Open"]
[Site "Tanta City EGY"]
[Date "2001.04.19"]
[Round "2"]
[White "Khamrakulov,I"]
[Black "Fominyh,A"]
[Result "1-0"]
[WhiteElo "2451"]
[BlackElo "2571"]

1.e4 c5 2.c3 Nf6 3.e5 Nd5 4.Nf3 Nc6 5.d4 cxd4 6.Bc4 Nb6 7.Bb3 g6 8.Ng5 d5
9.exd6 e6 10.cxd4 Bg7 11.d5 Nxd5 12.Bxd5 exd5 13.Qxd5 O-O 14.O-O Nd4 15.Nc3 h6
16.Nge4 Rb8 17.Bxh6 Be6 18.Qg5 Qxg5 19.Bxg5 f6 20.Be3 Nc2 21.Bxa7 Nxa1 22.Bxb8 Rxb8
23.Rxa1 b6 24.Nb5 f5 25.Nec3 Kf7 26.Re1 Bf6 27.Nc7 Bd7 28.N3d5 Bd8 29.Re3 b5
30.Rb3 Rb7 31.h3 Bc6 32.Nb4 Bd7 33.Nd3 Bc8 34.Nc5 Rb6  1-0

[Event "Open"]
[Site "Dubai UAE"]
[Date "2001.04.20"]
[Round "6"]
[White "Al Argha,H"]
[Black "Ihsan,J"]
[Result "1/2-1/2"]
[WhiteElo "2244"]
[BlackElo "2053"]

1.e4 c5 2.c3 Nf6 3.e5 Nd5 4.d4 cxd4 5.Qxd4 Nc7 6.Nf3 Nc6 7.Qe4 g6 8.Bf4 Bg7
9.Bc4 O-O 10.O-O b6 11.Qe3 Ba6 12.Bxa6 Nxa6 13.Nbd2 Nc5 14.Bh6 Qc7 15.Bxg7 Kxg7
16.Rad1 Ne6 17.Nb3 Rad8 18.Nbd4 a6 19.Rfe1 h6 20.h4 d5 21.Nxe6+ fxe6 22.h5 Rf5
23.g4 Rxf3 24.Qxf3 Rf8 25.Qg3 g5 26.Re2 Rf4 27.Rde1 b5 28.Qd3 Rxg4+ 29.Kf1 Nd8
30.Qg6+ Kf8 31.Qxh6+ Ke8 32.Qg6+ Kd7 33.f3 Rf4 34.Qxg5 Rxf3+ 35.Rf2 Qc4+
36.Kg1 Nf7 37.Qg2 Rxf2 38.Qxf2 Qg4+ 39.Kf1 Qxh5 40.Qa7+ Kd8 41.Qb6+ Kd7 42.Qa7+  1/2-1/2